书目信息 |
| 题名: |
摄影理论和实践
|
|
| 作者: | 石少华 著 | |
| 分册: | ||
| 出版信息: | 北京 新华出版社 1982.7 |
|
| 页数: | 357页 | |
| 开本: | 20cm | |
| 丛书名: | ||
| 单 册: | ||
| 中图分类: | TB81 | |
| 科图分类: | ||
| 主题词: | 摄影--理论 | |
| 电子资源: | ||
| ISBN: | ||
| 000 | 00500nam0 2200181 45 | |
| 001 | 0312221749 | |
| 005 | 20060421103002.56 | |
| 010 | @dCNY1.35 | |
| 100 | @a20031222d1982 km y0chiy0120 ea | |
| 101 | @achi | |
| 200 | 1 | @a摄影理论和实践@AShe Ying Li Lun He Shi Jian@f石少华著@FShi Shao Hua Zhu |
| 210 | @a北京@c新华出版社@d1982.7 | |
| 215 | @a357页@d20cm | |
| 606 | 0 | @a摄影@x理论 |
| 690 | @aTB81@v3 | |
| 701 | 0 | @a石少华@4著 |
| 801 | @aCN@bTSTCL@c20060421 | |
| 905 | @a213230@dTB81@e17@b77287@f1@b77289@f1 | |
| 摄影理论和实践/石少华著.-北京:新华出版社,1982.7 |
| 357页;20cm |
| ISBN :CNY1.35 |
| ● |
| 相关链接 |
|
|
|
|
正题名:摄影理论和实践
索取号:TB81/17
 
预约/预借
| 序号 | 登录号 | 条形码 | 馆藏地/架位号 | 状态 | 备注 |
| 1 | 0077287 | 001359700 | 第三借阅区/ [索取号:TB81/17] | 在馆 | |
| 2 | 0077288 | 202246015 | 密集书库/ [索取号:TB81/17] | 在馆 | |
| 3 | 0077289 | 001359577 | 第二样本阅览室/ [索取号:TB81/17] | 在馆 |